Keeping the tablets : modern American conservative thought /

Bibliographic Details
Other Authors: Buckley, William F., Jr., 1925-2008, Kesler, Charles R.
Format: Book
Language:English
Published: New York : Harper & Row, [1988]
Subjects:

MARC

Tag First Indicator Second Indicator Subfields
LEADER 00000cam a22000008a 4500
001 in00000736608
005 20151016075120.0
008 871217s1988 nyu b 00100 eng
010 |a  86046049  
020 |a 0060551283 :  |c $25.95 
020 |a 0060962852 (pbk.) :  |c $15.95 
035 |a (OCoLC)17300812 
035 |9 ADG0869AM 
040 |a DLC  |c DLC  |d TXA  |d UtOrBLW 
043 |a n-us--- 
049 |a TXAM  |c [A11693821] 
050 0 0 |a E743  |b .K39 1988 
082 0 |a 320.5/2/0973  |2 19 
245 0 0 |a Keeping the tablets :  |b modern American conservative thought /  |c edited by William F. Buckley, Jr. and Charles R. Kesler. 
264 1 |a New York :  |b Harper & Row,  |c [1988] 
264 4 |c ©1988 
300 |a vi, 469 pages 
336 |a text  |b txt  |2 rdacontent 
337 |a unmediated  |b n  |2 rdamedia 
338 |a volume  |b nc  |2 rdacarrier 
500 |a Revision of: Did you ever see a dream walking? 
504 |a Bibliography: pages [445]-449. 
500 |a Includes index. 
650 0 |a Conservatism  |z United States. 
651 0 |a United States  |x Politics and government  |y 20th century. 
700 1 |a Buckley, William F.,  |c Jr.,  |d 1925-2008. 
700 1 |a Kesler, Charles R. 
730 0 |a Did you ever see a dream walking? 
999 |a MARS 
999 f f |s 0a08d539-fa5f-3b5b-bbe5-8f54bcac2112  |i 9f1d80cd-4fe9-3376-9287-0ec9a681503c  |t 0 
952 f f |p ric  |a Texas A&M University  |b Rellis Campus  |c Joint Library Facility  |d Remote Storage  |t 0  |e E743 .K39 1988  |h Library of Congress classification  |i unmediated -- volume  |m A14811693821 
998 f f |a E743 .K39 1988  |t 0  |l Remote Storage